reproductive Biology and Induced Spawning of Labeo Rohita (Hamilton) and Puntius Gonionotus (Bleeker) With Reference to the Hatchery Management in South-Western Region of Bangladesh ; (Record no. 79912)
[ view plain ]
| 000 -LEADER | |
|---|---|
| fixed length control field | 01132nam a2200253 a 4500 |
| 001 - CONTROL NUMBER | |
| RUCL Control Number | 79912 |
| 003 - CONTROL NUMBER IDENTIFIER | |
| rucl marc code | BD-RjUL |
| 005 - DATE AND TIME OF LATEST TRANSACTION | |
| control field | 20220605152333.0 |
| 008 - FIXED-LENGTH DATA ELEMENTS--GENERAL INFORMATION | |
| fixed length control field | 220605s2006 bg a|||| m||| 00| 0 eng d |
| 035 ## - SYSTEM CONTROL NUMBER | |
| system control number | (BD-RjUL)79912 |
| 040 ## - CATALOGING SOURCE | |
| Original cataloging agency | BD-RjUL |
| Language of cataloging | eng |
| Transcribing agency | BD-RjUL |
| Modifying agency | BD-RjUL |
| 041 ## - LANGUAGE CODE | |
| Language code of Book | eng |
| 082 ## - DEWEY DECIMAL CLASSIFICATION NUMBER | |
| DDC Edition number | 23 |
| Classification number | 639.311 |
| Author mark and Year | ISR 2006 |
| 100 ## - MAIN ENTRY--PERSONAL NAME | |
| Personal name | Islam, Md. Khairul |
| 9 (RLIN) | 3414 |
| 245 10 - TITLE STATEMENT | |
| Title | reproductive Biology and Induced Spawning of Labeo Rohita (Hamilton) and Puntius Gonionotus (Bleeker) With Reference to the Hatchery Management in South-Western Region of Bangladesh ; |
| Statement of responsibility, etc | Md. Khairul Islam |
| Name of Supervisor/Co-Supervisor | Supervisors : N. I. M. Abdus Salam Bhuiyan, Supervisors : M. Nazrul Islam |
| 260 ## - PUBLICATION, DISTRIBUTION, ETC. (IMPRINT) | |
| Place of publication, distribution, etc | Rajshahi : |
| Name of publisher, distributor, etc | Institute of Biological Sciences,University of Rajshahi |
| Date of publication, distribution, etc | 2006 |
| 300 ## - PHYSICAL DESCRIPTION | |
| Pagination | [6], iv, 171 leaves : |
| Other physical details | ill. ; |
| Dimensions | 29 cm. |
| 502 ## - DISSERTATION NOTE | |
| Dissertation note | Thesis (Ph.D.)-- Institute of Biological Sciences,University of Rajshahi,2006 |
| 504 ## - BIBLIOGRAPHY, ETC. NOTE | |
| Bibliography, etc | References : leaves 138-159 |
| 650 ## - SUBJECT ADDED ENTRY--TOPICAL TERM | |
| Topical term or geographic name as entry element | Fish hatcheries |
| General subdivision | Management |
| Geographic subdivision | Bangladesh |
| 9 (RLIN) | 3415 |
| 700 ## - ADDED ENTRY--SUPERVISOR/CO-SUPERVISOR NAME | |
| Personal name | Bhuiyan, N. I. M. Abdus Salam, Supervisors |
| 9 (RLIN) | 3416 |
| Personal name | Islam, M. Nazrul, Supervisors |
| 9 (RLIN) | 3417 |
| 942 ## - ADDED ENTRY ELEMENTS (KOHA) | |
| Source of classification or shelving scheme | Dewey Decimal Classification |
| Koha item type | Theses |
| Source of classification or shelving scheme | Damaged status | Not for loan | Collection code | Permanent Location | Current Location | Shelving location | Date of accession | Source of acquisition | Total Checkouts | Full call number | Barcode | Date last seen | Copy number | Thesis |
|---|---|---|---|---|---|---|---|---|---|---|---|---|---|---|
| Dewey Decimal Classification | Not For Loan | Theses | Central Library, University of Rajshahi | Central Library, University of Rajshahi | Documentation Section | 12/02/2007 | Controller of Exam. R.U. | THE 639.311 ISR 2006 | D2571 | 05/06/2022 | C-1 | Theses |